000 00540cam a22002171 4500
001 sa 63003414
003 DLC
005 20260227111941.0
008 890911s1962 ii 000 0 hino
010 _asa 63003414
035 _a(OCoLC)20326130
040 _aDLC
_cWaU
_dDLC
042 _apremarc
050 0 0 _aCB113.H5
_bM8
100 1 _aMukarjī, Ushendu Nārāyaṇa.
245 1 0 _aViśva sabhyatā kā itihāsa.
260 _c[1962]
300 _a10, 265 p.
_c22 cm.
500 _aIn Hindi.
650 0 _aCivilization
_xHistory.
999 _c55075
_d55075